[Event "Prva liga Centralne Srbije 2007"]
[Site "?"]
[Date "2007.09.15"]
[Round "2.1"]
[White "Zenunovic, Hafiz"]
[Black "Ristic, Nenad."]
[Result "0-1"]
[WhiteElo "2043"]
[BlackElo "2435"]
[PlyCount "80"]
[EventDate "2007.09.13"]

1. e4 c5 2. Nc3 Nc6 3. Bb5 Nd4 4. Nf3 g6 5. O-O Bg7 6. Nxd4 cxd4 7. Ne2 a6 8.
Bd3 d5 9. c3 dxe4 10. Bxe4 d3 11. Nf4 e5 12. Re1 Ne7 13. Nxd3 f5 14. Bxf5 Bxf5
15. Nxe5 O-O 16. d4 Qd5 17. Qf3 Rae8 18. Qxd5+ Nxd5 19. Bd2 h6 20. Rac1 g5 21.
Nc4 Rd8 22. Ne3 Be6 23. h3 Nf4 24. Ra1 Nd3 25. Rf1 Nxb2 26. Rab1 Nc4 27. Nxc4
Bxc4 28. Rfe1 b5 29. a3 Rfe8 30. Re3 Rxe3 31. fxe3 Bf8 32. Ra1 Bd3 33. a4 bxa4
34. Rxa4 Rb8 35. Ra1 Rb2 36. Be1 Bd6 37. Rc1 Be4 38. Bf2 Bh2+ 39. Kf1 Bd3+ 40.
Ke1 Re2+ 0-1

[Event "Prva liga Centralne Srbije 2007"]
[Site "?"]
[Date "2007.09.15"]
[Round "2"]
[White "Djakovac, Enes"]
[Black "Stankovic, Dragan P"]
[Result "0-1"]
[WhiteElo "2237"]
[BlackElo "2315"]
[PlyCount "42"]
[EventDate "2007.09.13"]

1. e4 c5 2. Nf3 e6 3. d4 cxd4 4. Nxd4 Nf6 5. Bg5 Qa5+ 6. Bd2 Qe5 7. Nf3 Qxe4+
8. Be2 Qc6 9. O-O a6 10. Ne5 Qc7 11. Bc3 d6 12. Nc4 Nc6 13. Bf3 d5 14. Ne3 Be7
15. Re1 O-O 16. b3 d4 17. Bxd4 Rd8 18. Bxc6 bxc6 19. Nc4 c5 20. Qf3 cxd4 21.
Qxa8 Bb7 0-1

[Event "Prva liga Centralne Srbije 2007"]
[Site "?"]
[Date "2007.09.15"]
[Round "2.1"]
[White "Milosevic, Slavisa "]
[Black "Milosavljevic, Milisav"]
[Result "0-1"]
[WhiteElo "2272"]
[BlackElo "2199"]
[PlyCount "52"]
[EventDate "2007.09.13"]

1. e4 c5 2. Nf3 e6 3. d4 cxd4 4. Nxd4 Nf6 5. Nc3 Nc6 6. g3 Bb4 7. Bg2 d5 8.
exd5 exd5 9. O-O O-O 10. Bg5 Bxc3 11. bxc3 h6 12. Bf4 Qa5 13. Qd3 Ne4 14. Nb3
Qd8 15. Rfd1 Qf6 16. Bxe4 dxe4 17. Qxe4 Bf5 18. Qc4 Rad8 19. Nd4 Be4 20. Qe2
Rfe8 21. Nxc6 Bxc6 22. Rxd8 Qxd8 23. Rd1 Qc8 24. Qd3 Qg4 25. Rc1 Re2 26. Bd2
Qh3 0-1

[Event "Prva liga Centralne Srbije 2007"]
[Site "?"]
[Date "2007.09.15"]
[Round "2.1"]
[White "Milosavljevic, Zoran"]
[Black "Vulicevic, Novica"]
[Result "1-0"]
[WhiteElo "2185"]
[BlackElo "2181"]
[PlyCount "27"]
[EventDate "2007.09.13"]

1. e4 d6 2. d4 c6 3. Nf3 Nf6 4. Nc3 Qa5 5. Bd2 e5 6. Bc4 Bg4 7. dxe5 Bxf3 8.
Qxf3 dxe5 9. Nd5 Qd8 10. Nxf6+ Qxf6 11. Qg3 Bd6 12. O-O-O b5 13. Bg5 Qg6 14.
Qxe5+ 1-0

[Event "Prva liga Centralne Srbije 2007"]
[Site "?"]
[Date "2007.09.15"]
[Round "2.1"]
[White "Vulicevic, Dobrica"]
[Black "Ikic, Alija"]
[Result "0-1"]
[WhiteElo "2116"]
[BlackElo "2137"]
[PlyCount "130"]
[EventDate "2007.09.13"]

1. d4 Nf6 2. Nf3 g6 3. g3 Bg7 4. Bg2 O-O 5. O-O d6 6. c4 c5 7. d5 Na6 8. Nc3
Nc7 9. Re1 Rb8 10. a4 b6 11. e4 Nd7 12. Bf4 f6 13. Nb5 Rb7 14. h4 a6 15. Nc3
Ne5 16. Nxe5 fxe5 17. Be3 b5 18. cxb5 axb5 19. b3 Bd7 20. Qd2 Qe8 21. Reb1 bxa4
22. bxa4 Ra7 23. Bg5 Qf7 24. Be3 Rfa8 25. Qc2 Qe8 26. Bg5 h6 27. Be3 Bxa4 28.
Nxa4 Rxa4 29. Rxa4 Rxa4 30. Rb7 Na6 31. Bh3 Nb4 32. Qd2 Ra2 33. Qc3 Qf8 34. Bg4
h5 35. Be6+ Kh7 36. Kg2 Bh6 37. Rc7 Bxe3 38. Qxe3 Nd3 39. Bf5 Nxf2 40. Qb3 Rd2
41. Qb7 Nxe4+ 42. Kg1 Rd1+ 43. Kg2 Rd2+ 44. Kg1 gxf5 45. Rxe7+ Kg8 46. Qd7 Nf6
47. Qe6+ Kh8 48. Qxd6 Rxd5 49. Qc7 Qd8 50. Qxd8+ Rxd8 51. Rxe5 Rd5 52. Re7 Kg8
53. Kf2 Kf8 54. Rc7 Rd7 55. Rc8+ Ke7 56. Kf3 Ne4 57. Kf4 Ke6 58. Rh8 Nf6 59.
Rc8 Rd4+ 60. Kf3 c4 61. Rc5 Nd5 62. Rc8 Rd3+ 63. Kf2 c3 64. Rc4 Rd2+ 65. Ke1
Rg2 0-1

[Event "Prva liga Centralne Srbije 2007"]
[Site "?"]
[Date "2007.09.16"]
[Round "2.2"]
[White "Misailovic, Nebojsa"]
[Black "Savicevic, Vlatko"]
[Result "0-1"]
[WhiteElo "2318"]
[BlackElo "2326"]
[PlyCount "112"]
[EventDate "2007.09.13"]

1. e4 e5 2. Nf3 Nf6 3. Nxe5 d6 4. Nf3 Nxe4 5. d4 d5 6. Bd3 Be7 7. O-O O-O 8. c4
Nf6 9. cxd5 Nxd5 10. h3 Nc6 11. Nc3 Be6 12. Re1 Nxc3 13. bxc3 Bf6 14. Qc2 g6
15. Bh6 Re8 16. Rad1 Qd5 17. Be4 Qh5 18. Bf4 Bd5 19. Bxc7 Rac8 20. Bd6 Bxe4 21.
Rxe4 Qd5 22. Rxe8+ Rxe8 23. Bf4 b5 24. Qb3 Qf5 25. Bg3 Na5 26. Qb1 Qd5 27. Qb4
Nc4 28. a4 bxa4 29. Qxa4 Re7 30. Re1 Rxe1+ 31. Nxe1 a5 32. Nf3 Kg7 33. Kh2 Nb6
34. Qa3 Qb5 35. Be5 Bxe5+ 36. Nxe5 a4 37. Qe7 Qd5 38. Qc7 Qe6 39. Qc5 h5 40.
Qa5 Qf5 41. h4 Qxf2 42. Kh3 Qf5+ 43. Kg3 Nd7 44. Kh2 Nxe5 45. dxe5 Qf4+ 46. Kg1
Qe3+ 47. Kh2 Qf4+ 48. Kg1 Qxh4 49. Kf1 Qc4+ 50. Kf2 Qb3 51. Qd8 a3 52. Qf6+ Kh7
53. g4 Qe6 54. Qf4 a2 55. Qa4 hxg4 56. c4 Qxe5 0-1

[Event "Prva liga Centralne Srbije 2007"]
[Site "?"]
[Date "2007.09.16"]
[Round "2.2"]
[White "Milenkovic, Mladen"]
[Black "Pavlovic, Nebojsa"]
[Result "0-1"]
[WhiteElo "2307"]
[BlackElo "2337"]
[PlyCount "102"]
[EventDate "2007.09.13"]

1. e4 c5 2. Nf3 Nc6 3. d4 cxd4 4. Nxd4 Nf6 5. Nc3 d6 6. f3 e6 7. g4 Be7 8. Be3
O-O 9. Qd2 a6 10. O-O-O Nxd4 11. Bxd4 b5 12. Kb1 Bb7 13. h4 Qc7 14. h5 b4 15.
Ne2 Rac8 16. Ng3 Nd7 17. Bd3 Ne5 18. Bxe5 dxe5 19. g5 a5 20. g6 h6 21. Qe2 fxg6
22. hxg6 Rf6 23. Nf1 a4 24. Bb5 Bc6 25. Ba6 Bb7 26. Bb5 Bc6 27. Ba6 Rd8 28. Ne3
a3 29. Rxd8+ Bxd8 30. Ng4 Rxg6 31. Rd1 h5 32. Ne3 Bg5 33. Bc4 Qb6 34. Nf5 Kh7
35. f4 Bh6 36. Nxh6 Rxh6 37. f5 exf5 38. exf5 Qc5 39. Bf7 e4 40. Bg6+ Rxg6 41.
fxg6+ Kxg6 42. Qg2+ Kh6 43. Qg3 Be8 44. bxa3 bxa3 45. Rd6+ Kh7 46. Kc1 e3 47.
Re6 Ba4 48. Qg6+ Kh8 49. Ra6 Qd5 50. Rd6 e2 51. Rd8+ Qxd8 0-1

[Event "Prva liga Centralne Srbije 2007"]
[Site "?"]
[Date "2007.09.16"]
[Round "2.2"]
[White "Adzic, Momcilo"]
[Black "Civric, Zdravko"]
[Result "1/2-1/2"]
[WhiteElo "2248"]
[BlackElo "2190"]
[PlyCount "162"]
[EventDate "2007.09.13"]

1. e4 c5 2. Nf3 Nc6 3. d4 cxd4 4. Nxd4 e5 5. Nf3 Nf6 6. Bc4 Bb4+ 7. c3 Be7 8.
O-O O-O 9. Re1 a6 10. a4 Qc7 11. Nbd2 Na5 12. Ba2 b5 13. b4 Qxc3 14. bxa5 Qxa1
15. Qc2 Bb7 16. Nb3 Bxe4 17. Nxa1 Bxc2 18. Nxc2 d6 19. axb5 axb5 20. Bd2 Bd8
21. Ra1 Ra7 22. Ne3 Ne4 23. Be1 g6 24. Bd5 Nc5 25. Bb4 Kg7 26. Nxe5 dxe5 27.
Bxc5 Rxa5 28. Bxf8+ Kxf8 29. Rxa5 Bxa5 30. Bc6 b4 31. Ba4 Bb6 32. Bb3 f5 33.
Nd5 Bc5 34. Kf1 e4 35. Ke2 Kg7 36. h3 g5 37. f3 exf3+ 38. Kxf3 h5 39. h4 gxh4
40. Nf4 Bd6 41. Nh3 Kf6 42. Ke3 Be5 43. Kd3 Bc3 44. Bd1 Kg6 45. Kc4 Kh6 46. Kd5
Bd2 47. Ke6 f4 48. Kf6 Bc3+ 49. Kf5 Bd2 50. Bc2 Be3 51. Ke5 Bd2 52. Kd4 Be3+
53. Kc4 Bd2 54. Bf5 Kg7 55. Ng1 Kf6 56. Bh3 Be1 57. Nf3 Bc3 58. Nxh4 Ke5 59.
Kd3 Kd5 60. Nf3 Be5 61. Nd2 Bf6 62. Nb3 Be5 63. Bc8 Bc3 64. Bb7+ Ke5 65. Na5
Kf5 66. Bc8+ Ke5 67. Nc4+ Kd5 68. Na5 Ke5 69. Bb7 Kf5 70. Bc8+ Ke5 71. Nc4+ Kd5
72. Bd7 Be1 73. Na5 Bc3 74. Bc6+ Ke5 75. Nc4+ Kf5 76. Bd7+ Kg5 77. Nd6 Kf6 78.
Ne4+ Ke5 79. Nxc3 bxc3 80. Bc6 h4 81. Kxc3 h3 1/2-1/2

[Event "Prva liga Centralne Srbije 2007"]
[Site "?"]
[Date "2007.09.16"]
[Round "2.2"]
[White "Minic, Miroslav"]
[Black "Semenov, Aleksandar"]
[Result "0-1"]
[WhiteElo "2086"]
[BlackElo "2264"]
[PlyCount "122"]
[EventDate "2007.09.13"]

1. e4 e5 2. Nc3 Nc6 3. Bc4 Nf6 4. d3 Na5 5. Nf3 Nxc4 6. dxc4 d6 7. Bg5 Be7 8.
c5 Bg4 9. cxd6 cxd6 10. Qd3 O-O 11. h3 Be6 12. Rd1 Qa5 13. O-O Rfd8 14. Bxf6
Bxf6 15. Nd5 Bxd5 16. Qxd5 Qb6 17. b3 Rac8 18. c4 Rc5 19. Qd2 Qc6 20. Qe2 b5
21. cxb5 Rxb5 22. Rc1 Qb6 23. Rfd1 h6 24. Rc2 g6 25. Rcd2 Be7 26. Nh2 Rb4 27.
Nf1 Rc8 28. Ne3 Rxe4 29. Qf3 Rf4 30. Nd5 Rxf3 31. Nxb6 axb6 32. gxf3 f5 33. Rd5
Rc6 34. a4 Kf7 35. b4 Ke6 36. a5 bxa5 37. bxa5 Rc4 38. Rb5 Ra4 39. Rbd5 g5 40.
Kg2 h5 41. Rb5 h4 42. Rd2 g4 43. f4 exf4 44. f3 Ra3 45. hxg4 fxg4 46. fxg4 Bf6
47. Rf2 Be5 48. Rf3 Ra1 49. Kh3 Rh1+ 50. Kg2 Ra1 51. Kh3 Rh1+ 52. Kg2 Ra1 53.
Rfb3 Kf6 54. Kf3 h3 55. Rb1 Ra3+ 56. Ke4 Kg5 57. R5b3 Ra4+ 58. Kf3 Rxa5 59. Rh1
Kh4 60. Ke4 f3 61. Rxf3 h2 0-1

[Event "Prva liga Centralne Srbije 2007"]
[Site "?"]
[Date "2007.09.16"]
[Round "2.2"]
[White "Draskovic, Dragan"]
[Black "Cvetic, Milan"]
[Result "1/2-1/2"]
[WhiteElo "2154"]
[BlackElo "2116"]
[PlyCount "105"]
[EventDate "2007.09.13"]

1. d4 Nf6 2. c4 d6 3. Nc3 c6 4. e4 Qc7 5. f3 e5 6. d5 Be7 7. Be3 O-O 8. Qd2 Ne8
9. g4 Bh4+ 10. Bf2 Qe7 11. Nh3 a5 12. O-O-O h6 13. Rg1 Bxf2 14. Qxf2 g5 15. Qd2
a4 16. Nf2 c5 17. h4 f6 18. Nh1 Bd7 19. Ng3 a3 20. b3 Na6 21. Nf5 Bxf5 22. gxf5
Rf7 23. Bh3 Nec7 24. Bg4 Rb8 25. Bh5 Rff8 26. hxg5 fxg5 27. Bg6 Kg7 28. Rh1 Rh8
29. Ne2 Ne8 30. Bxe8 Rbxe8 31. Rdg1 Reg8 32. Ng3 Kf8 33. Nh5 Nb4 34. Kb1 Kf7
35. f6 Qd7 36. Rh2 Rg6 37. Rgh1 b5 38. Qe2 g4 39. f4 exf4 40. Nxf4 Rxf6 41. Ne6
Rg6 42. Qf2+ Ke8 43. Rxh6 Rgxh6 44. Rxh6 Rg8 45. Qh4 Qe7 46. Qh1 g3 47. Rh8 Qf7
48. Rxg8+ Qxg8 49. Qh5+ Kd7 50. Qh3 Ke7 51. Qh4+ Kd7 52. Qh3 Ke7 53. Qh4+
1/2-1/2

[Event "Prva liga Centralne Srbije 2007"]
[Site "?"]
[Date "2007.09.16"]
[Round "2.3"]
[White "Jesic, Dusan"]
[Black "Kojovic, Dragan"]
[Result "1/2-1/2"]
[WhiteElo "2384"]
[BlackElo "2407"]
[PlyCount "244"]
[EventDate "2007.09.13"]

1. g3 e5 2. Bg2 Nf6 3. c4 Nc6 4. Nf3 d5 5. cxd5 Nxd5 6. d3 Be7 7. O-O Be6 8.
Nc3 O-O 9. Bd2 Qd7 10. Rc1 Nxc3 11. Bxc3 f6 12. Qc2 Rae8 13. e3 Kh8 14. Rfd1
Bg4 15. d4 exd4 16. exd4 Bd6 17. Qb3 Rb8 18. Re1 b6 19. Qc4 a5 20. a4 Nb4 21.
Bxb4 Bxb4 22. Re4 Bf5 23. Re3 Qxa4 24. Nh4 Bd7 25. Qd5 Qb5 26. Qxb5 Bxb5 27.
Rxc7 Rbc8 28. Rxc8 Rxc8 29. h3 Re8 30. Nf5 g6 31. Rxe8+ Bxe8 32. Ne3 Be7 33.
Nc4 f5 34. Nxb6 Bf6 35. Nc4 Bxd4 36. Nxa5 Bxb2 37. Nc4 Bd4 38. Bd5 Bd7 39. Kg2
Kg7 40. Nd2 Kf6 41. Nf3 Bc3 42. h4 h6 43. Ng1 Ke5 44. Bb7 Bb5 45. Nf3+ Ke6 46.
Ba8 Kd6 47. Bb7 Bd3 48. Ng1 Bd2 49. Bf3 Kc5 50. Nh3 Kd4 51. Ng1 Bc4 52. Be2
Bd5+ 53. Bf3 Bf7 54. Ne2+ Kd3 55. Nf4+ Kc4 56. Nh3 Kd4 57. Bc6 Bb3 58. Bf3 Bc2
59. Ng1 Bd3 60. Nh3 Kc3 61. Ng1 Bc4 62. Nh3 Be6 63. Nf4 Bf7 64. Nh3 Kd4 65. Ng1
Be6 66. Ne2+ Ke5 67. Bc6 Bc4 68. Bf3 Bb5 69. Ng1 Bd7 70. Bb7 Bc3 71. Ne2 Ba5
72. f4+ Kd6 73. Nd4 Bc3 74. Nf3 Bf6 75. Kf2 Bb2 76. Kg2 Be6 77. Kf2 Kc5 78. Ke3
Bc1+ 79. Kf2 Bb2 80. Ke3 Kd6 81. Ba8 Bf7 82. Bb7 Be8 83. Ba8 Bc1+ 84. Kd4 Ba3
85. Ke3 Bc5+ 86. Ke2 Bb5+ 87. Ke1 Bb4+ 88. Kf2 Bc3 89. Ke3 Bc4 90. Bb7 Bb5 91.
Ba8 Ba6 92. h5 gxh5 93. Nh4 Ke6 94. Bf3 Be1 95. Bxh5 Bxg3 96. Nf3 Kf6 97. Be8
Bf1 98. Bh5 Bh3 99. Ne5 Be1 100. Kf3 Bf1 101. Ke3 Bb5 102. Nf3 Ba5 103. Kf2
Bb6+ 104. Kg3 Be3 105. Nh4 Bd2 106. Nf3 Bc3 107. Kf2 Bc6 108. Nh4 Bd2 109. Ng2
Be4 110. Bf3 Bd3 111. Kg3 Bc4 112. Kf2 Ke6 113. Be2 Bd5 114. Bf3 Bb3 115. Be2
Bc2 116. Bf3 Bc1 117. Kg3 Ba4 118. Bb7 Bd2 119. Bc8+ Kf6 120. Nh4 Be1+ 121. Kh3
Bc2 122. Nxf5 Bxf5+ 1/2-1/2

[Event "Prva liga Centralne Srbije 2007"]
[Site "?"]
[Date "2007.09.16"]
[Round "2.3"]
[White "Solomunovic, Igor"]
[Black "Misojcic, Miroslav"]
[Result "1-0"]
[WhiteElo "2396"]
[BlackElo "2244"]
[PlyCount "49"]
[EventDate "2007.09.13"]

1. e4 c5 2. Nf3 Nc6 3. Nc3 e6 4. d4 cxd4 5. Nxd4 Nf6 6. g3 Bb4 7. Bg2 d5 8.
exd5 Nxd5 9. Nxc6 bxc6 10. O-O O-O 11. Qg4 Rb8 12. Na4 Be7 13. c4 Nb4 14. Qe2
Bf6 15. Bf4 e5 16. Bxe5 Bg4 17. Qxg4 Bxe5 18. a3 Nc2 19. Rad1 Qf6 20. Nc5 Bxb2
21. Nd7 Qc3 22. Nxb8 Rxb8 23. Bxc6 Bxa3 24. Rd7 Bc5 25. Qf5 1-0

[Event "Prva liga Centralne Srbije 2007"]
[Site "?"]
[Date "2007.09.16"]
[Round "2.3"]
[White "Urosevic, Zoran"]
[Black "Rabrenovic, Vladan"]
[Result "1/2-1/2"]
[WhiteElo "2270"]
[BlackElo "2312"]
[PlyCount "70"]
[EventDate "2007.09.13"]

1. e4 d6 2. d4 Nf6 3. Nc3 e5 4. Nge2 Nbd7 5. g3 c6 6. a4 Be7 7. Bg2 O-O 8. O-O
b6 9. h3 a6 10. Be3 Bb7 11. d5 b5 12. dxc6 Bxc6 13. axb5 axb5 14. Nd5 Bxd5 15.
exd5 Rxa1 16. Qxa1 Qc7 17. Qd1 Rc8 18. c3 Qb7 19. Qd2 b4 20. Ra1 bxc3 21. bxc3
Nc5 22. Qa2 Nfd7 23. Rb1 Qa8 24. Ra1 Qxa2 25. Rxa2 Rb8 26. Bf1 f5 27. c4 Rb3
28. Ra7 Kf7 29. Nc1 Rb7 30. Rxb7 Nxb7 31. Nb3 Bd8 32. Bd3 g6 33. Bc2 Bb6 34.
Bd2 Ndc5 35. Nxc5 Bxc5 1/2-1/2

[Event "Prva liga Centralne Srbije 2007"]
[Site "?"]
[Date "2007.09.16"]
[Round "2.3"]
[White "Irizanin, Radoje"]
[Black "Pantelic, Sasa"]
[Result "0-1"]
[WhiteElo "2325"]
[BlackElo "2229"]
[PlyCount "58"]
[EventDate "2007.09.13"]

1. d4 g6 2. e4 c5 3. c3 Qc7 4. Nf3 Bg7 5. dxc5 Qxc5 6. Bd3 Nf6 7. Na3 O-O 8.
O-O d5 9. e5 Ng4 10. Qe2 Nc6 11. Bf4 d4 12. Nc4 dxc3 13. h3 cxb2 14. Rae1 Nh6
15. Nxb2 Nf5 16. Rc1 Qd5 17. Bb1 Nfd4 18. Nxd4 Qxd4 19. Rc4 Qb6 20. Be3 Qb5 21.
f4 Be6 22. Rc2 Qxe2 23. Rxe2 Rfd8 24. g4 Bd5 25. Rd2 e6 26. Rfd1 g5 27. f5 Nxe5
28. Be4 Bf6 29. Na4 Bxe4 0-1

[Event "Prva liga Centralne Srbije 2007"]
[Site "?"]
[Date "2007.09.16"]
[Round "2.3"]
[White "Misic, Dragan"]
[Black "Colovic, Dusan"]
[Result "1/2-1/2"]
[WhiteElo "2222"]
[BlackElo "2356"]
[PlyCount "100"]
[EventDate "2007.09.13"]

1. d4 d5 2. Nf3 c6 3. Bf4 Bg4 4. Ne5 Bf5 5. e3 Nd7 6. Nxd7 Qxd7 7. c4 e6 8. Nd2
Nf6 9. Be2 Be7 10. O-O O-O 11. Nf3 c5 12. Ne5 Qd8 13. Qb3 Qb6 14. Qxb6 axb6 15.
g4 Bg6 16. g5 Nh5 17. Bxh5 Bxh5 18. cxd5 cxd4 19. exd4 exd5 20. Nd7 Rfd8 21.
Nxb6 Ra6 22. Bc7 Rf8 23. f4 Bd8 24. Nxd5 f6 25. a3 fxg5 26. Be5 gxf4 27. Nxf4
Bg4 28. Ng2 Re8 29. Rac1 Rg6 30. Rc3 Bb6 31. Rf2 Rd8 32. Nf4 Rg5 33. Rg3 Rxe5
34. dxe5 Rd2 35. Rxg4 Rxf2 36. Kh1 Rxb2 37. Ne6 Kf7 38. Nf4 Kg8 39. Nd5 Bc5 40.
a4 Kf7 41. Re4 Ke6 42. Nc7+ Kf5 43. Rc4 b6 44. e6 Bd6 45. Ne8 Kxe6 46. Nxg7+
Kf7 47. Nf5 Rxh2+ 48. Kg1 Rd2 49. Nxd6+ Rxd6 50. Rb4 Ke7 1/2-1/2

[Event "Prva liga Centralne Srbije 2007"]
[Site "?"]
[Date "2007.09.16"]
[Round "2.3"]
[White "Radivojevic, Miladin"]
[Black "Lukic, Predrag"]
[Result "0-1"]
[WhiteElo "2182"]
[BlackElo "2182"]
[PlyCount "64"]
[EventDate "2007.09.13"]

1. e4 c5 2. Nf3 e6 3. d4 cxd4 4. Nxd4 Nf6 5. Nc3 d6 6. g4 h6 7. h4 a6 8. Rg1 d5
9. exd5 Nxd5 10. Nxd5 Qxd5 11. Bg2 Qa5+ 12. c3 Be7 13. Qe2 Qc7 14. g5 hxg5 15.
hxg5 e5 16. Nc2 Be6 17. Ne3 Bxg5 18. Nd5 Bxd5 19. Bxg5 Bxg2 20. O-O-O f6 21.
Rxg2 fxg5 22. Rxg5 Nd7 23. Rxg7 O-O-O 24. Qg4 Qc6 25. Rg6 Qe4 26. Rg7 Qc6 27.
Rg6 Qc7 28. Rg7 Rhf8 29. f3 Qc6 30. Rd3 Rf6 31. Re7 Rd6 32. Re3 Qd5 0-1

[Event "Prva liga Centralne Srbije 2007"]
[Site "?"]
[Date "2007.09.16"]
[Round "2.4"]
[White "Markovic, Zoran S"]
[Black "Trifunovic, Miroljub"]
[Result "1/2-1/2"]
[WhiteElo "2379"]
[BlackElo "2270"]
[PlyCount "162"]
[EventDate "2007.09.13"]

1. e4 e5 2. Nf3 Nc6 3. Bb5 a6 4. Bxc6 dxc6 5. O-O f6 6. d4 exd4 7. Nxd4 c5 8.
Nb3 Qxd1 9. Rxd1 Bd7 10. Bf4 O-O-O 11. Nc3 Be6 12. Rxd8+ Kxd8 13. Rd1+ Kc8 14.
Nd5 Bxd5 15. Rxd5 b6 16. Nd2 Ne7 17. Rd3 Ng6 18. Bg3 Be7 19. Kf1 Re8 20. f3 Bf8
21. Nc4 b5 22. Ne3 c4 23. Rd1 Ne5 24. Bxe5 Rxe5 25. c3 c6 26. Ke2 Kc7 27. g4 g6
28. h4 Bc5 29. h5 g5 30. Nf5 a5 31. a3 Re8 32. Ng7 Re5 33. Rf1 Kd7 34. Nf5 Bf8
35. Kf2 b4 36. Rd1+ Kc7 37. axb4 axb4 38. Ne3 bxc3 39. bxc3 Rc5 40. Ra1 Kb7 41.
Ra4 Rb5 42. Nxc4 Bc5+ 43. Ke2 Rb1 44. Ra5 Be7 45. Rf5 Kc7 46. e5 fxe5 47. Rf7
Kd7 48. Nxe5+ Ke6 49. Rxh7 Bf6 50. Nxc6 Bxc3 51. Kd3 Bf6 52. Nd4+ Ke5 53. Ne2
Rb3+ 54. Kd2 Rxf3 55. Rb7 Rh3 56. Rb4 Ke6 57. Ke1 Rh2 58. Kf1 Be5 59. Nd4+ Bxd4
60. Rxd4 Ke5 61. Rb4 Ra2 62. Kg1 Rc2 63. Kh1 Ra2 64. Kg1 Rc2 65. Kf1 Ra2 66.
Rc4 Rb2 67. Ke1 Ra2 68. Kd1 Rg2 69. Kc1 Kf6 70. Re4 Kf7 71. Kd1 Kf6 72. Ke1 Rh2
73. Kf1 Ra2 74. Kg1 Rb2 75. Kf1 Ra2 76. Re2 Ra4 77. Rg2 Ke5 78. Kg1 Kf4 79. Kh2
Ra3 80. Kh1 Ra1+ 81. Rg1 Ra2 1/2-1/2

[Event "Prva liga Centralne Srbije 2007"]
[Site "?"]
[Date "2007.09.16"]
[Round "2.4"]
[White "Cvetkovic, Nemanja"]
[Black "Organdziev, Oliver"]
[Result "1/2-1/2"]
[WhiteElo "2276"]
[BlackElo "2258"]
[PlyCount "88"]
[EventDate "2007.09.13"]

1. d4 d5 2. c4 Bf5 3. cxd5 Bxb1 4. Qa4+ Qd7 5. Qxd7+ Nxd7 6. Rxb1 Ngf6 7. f3
Nxd5 8. e4 N5f6 9. d5 e6 10. dxe6 Bb4+ 11. Kf2 Bc5+ 12. Be3 Bxe3+ 13. Kxe3 fxe6
14. Bc4 e5 15. Ne2 O-O-O 16. Rhd1 Rhe8 17. Nc3 c6 18. Rbc1 Nb6 19. Bf7 Rxd1 20.
Rxd1 Re7 21. Bb3 Nbd7 22. g4 Nc5 23. g5 Nh5 24. Bg8 g6 25. Ne2 a5 26. a3 a4 27.
Ng3 Nf4 28. h4 Rg7 29. Ba2 Kc7 30. Ne2 Nh5 31. f4 exf4+ 32. Nxf4 Re7 33. Nxh5
Rxe4+ 34. Kf3 gxh5 35. Rc1 Re5 36. Bg8 Nb3 37. Rd1 Re7 38. Bxb3 axb3 39. Rd3
Rf7+ 40. Ke3 Rf1 41. Rxb3 Rh1 42. Rb4 Rh3+ 43. Kd2 b5 44. Rf4 Kb6 1/2-1/2

[Event "Prva liga Centralne Srbije 2007"]
[Site "?"]
[Date "2007.09.16"]
[Round "2.4"]
[White "Panic, Nenad"]
[Black "Ravic, Nenad"]
[Result "1-0"]
[WhiteElo "2361"]
[BlackElo "2128"]
[PlyCount "71"]
[EventDate "2007.09.13"]

1. d4 d5 2. Nf3 Nf6 3. Bf4 e6 4. e3 c5 5. c3 Nc6 6. Nbd2 Be7 7. Bd3 O-O 8. Ne5
Qb6 9. Rb1 Rd8 10. Qf3 Nxe5 11. dxe5 Nd7 12. Qh3 Nf8 13. Nf3 Qa5 14. O-O Qxa2
15. Qh5 Qb3 16. Bg5 Rd7 17. Bxe7 Rxe7 18. Ng5 h6 19. f4 c4 20. Be2 hxg5 21. Bd1
Qa2 22. Bc2 g4 23. Qxg4 Qa5 24. Rf3 Qd8 25. Rg3 g6 26. h4 Bd7 27. h5 Be8 28.
Kf2 Rc7 29. Rh1 f5 30. exf6 Qxf6 31. hxg6 Rg7 32. Qh5 Nxg6 33. Bxg6 Rxg6 34.
Qh7+ Kf8 35. Rxg6 Bxg6 36. Qh8+ 1-0

[Event "Prva liga Centralne Srbije 2007"]
[Site "?"]
[Date "2007.09.16"]
[Round "2.4"]
[White "Rajkovic, Ljubisa"]
[Black "Jovic, Stanoje"]
[Result "1-0"]
[WhiteElo "2189"]
[BlackElo "2295"]
[PlyCount "121"]
[EventDate "2007.09.13"]

1. d4 Nf6 2. Nf3 d6 3. g3 Bg4 4. Bg2 Nbd7 5. O-O e5 6. c4 c6 7. Nc3 Be7 8. h3
Bxf3 9. Bxf3 O-O 10. b3 Qc7 11. Bb2 Rfe8 12. Qd3 Nf8 13. e3 Rad8 14. Rac1 Qb8
15. Bg2 Ng6 16. Rfe1 d5 17. cxd5 cxd5 18. dxe5 Nxe5 19. Qf5 g6 20. Qb1 Bb4 21.
Red1 Bxc3 22. Bxc3 Qd6 23. Ba1 Qe6 24. Qb2 Rd6 25. Qd4 Qf5 26. e4 Qd7 27. exd5
Nxd5 28. f4 Nxf4 29. gxf4 Rxd4 30. Rxd4 Nf3+ 31. Bxf3 Qxh3 32. Rf1 h5 33. Rd2
Kh7 34. Be5 Qg3+ 35. Rg2 Qh4 36. Bxb7 Qd8 37. Be4 Kh6 38. Bb1 Re7 39. Rgf2 Rd7
40. Bc2 Qh4 41. Rg2 Qh3 42. Rff2 Qe3 43. Kh2 Qe1 44. Bf6 Rc7 45. f5 Rxc2 46.
Rxc2 Qe4 47. fxg6 Qf4+ 48. Kg1 Qe3+ 49. Rcf2 Qc1+ 50. Kh2 Qc7+ 51. Kg1 fxg6 52.
Bg5+ Kh7 53. Re2 Qc5+ 54. Kh1 Qd5 55. Re7+ Kg8 56. Bd2 h4 57. Re3 Kh7 58. Rh3
Qe4 59. Rxh4+ Qxh4+ 60. Rh2 Qxh2+ 61. Kxh2 1-0

[Event "Prva liga Centralne Srbije 2007"]
[Site "?"]
[Date "2007.09.16"]
[Round "2.4"]
[White "Zivkovic, Momcilo"]
[Black "Jakovljevic, Zivota"]
[Result "1/2-1/2"]
[WhiteElo "2147"]
[BlackElo "2131"]
[PlyCount "166"]
[EventDate "2007.09.13"]

1. e4 e6 2. d4 d5 3. Nd2 Nf6 4. e5 Nfd7 5. Bd3 c5 6. c3 Nc6 7. Ngf3 Qb6 8. O-O
cxd4 9. cxd4 Nxd4 10. Nxd4 Qxd4 11. Nf3 Qb6 12. Qa4 Be7 13. Qg4 g6 14. h4 h5
15. Qg3 Nc5 16. Bc2 Bd7 17. Ng5 Rg8 18. a3 Bc6 19. b4 Ne4 20. Bxe4 dxe4 21. Be3
Qd8 22. Rfd1 Bd5 23. Rac1 b6 24. Nxe4 Bxh4 25. Qf4 Be7 26. Nf6+ Bxf6 27. exf6
g5 28. Qe5 Rg6 29. Bxg5 Kf8 30. Rc3 Rc8 31. Rxc8 Qxc8 32. Rc1 Qa8 33. Qd6+ Kg8
34. f4 e5 35. Qxe5 Bxg2 36. Re1 Bh3 37. Qe8+ Qxe8 38. Rxe8+ Kh7 39. Re7 Be6 40.
Rxa7 b5 41. Rb7 Bc4 42. Rc7 Rg8 43. a4 Kg6 44. a5 Kf5 45. a6 Rd8 46. Kf2 Rd1
47. a7 Ra1 48. Ke3 Kg4 49. Kd4 h4 50. Bxh4 Kxh4 51. Kc5 Kg4 52. Kb6 Kxf4 53.
Rc8 Bd5 54. Rc7 Ke5 55. Kxb5 Ke6 56. Kc5 Rc1+ 57. Kb6 Ra1 58. b5 Kxf6 59. Kc5
Bh1 60. b6 Rc1+ 61. Kd4 Rd1+ 62. Kc5 Rc1+ 63. Kd6 Rd1+ 64. Kc5 Rc1+ 65. Kd4 Rb1
66. b7 Bxb7 67. Rxb7 Ra1 68. Kc5 Ke6 69. Kb6 Rb1+ 70. Kc6 Ra1 71. Kb5 Rb1+ 72.
Ka6 Ra1+ 73. Kb5 Rb1+ 74. Kc6 Ra1 75. Kc7 f5 76. Kb8 Ke5 77. a8=Q Rxa8+ 78.
Kxa8 Ke4 79. Rf7 f4 80. Kb7 f3 81. Kc6 Ke3 82. Kd5 f2 83. Rxf2 Kxf2 1/2-1/2

[Event "Prva liga Centralne Srbije 2007"]
[Site "?"]
[Date "2007.09.16"]
[Round "2.5"]
[White "Mitrovic, Petar"]
[Black "Manic, Jovica"]
[Result "1/2-1/2"]
[WhiteElo "2374"]
[BlackElo "2266"]
[PlyCount "31"]
[EventDate "2007.09.13"]

1. e4 c6 2. d4 g6 3. c3 Bg7 4. Nf3 d5 5. Nbd2 Nh6 6. Bd3 O-O 7. O-O dxe4 8.
Nxe4 Nf5 9. Bf4 Nd7 10. h3 Nf6 11. Re1 Nxe4 12. Bxe4 Nd6 13. Bc2 Be6 14. Qe2
Re8 15. Ng5 Bc4 16. Qd2 1/2-1/2

[Event "Prva liga Centralne Srbije 2007"]
[Site "?"]
[Date "2007.09.16"]
[Round "2.5"]
[White "Todorovic, Bojan"]
[Black "Milunovic, Toni"]
[Result "0-1"]
[WhiteElo "2275"]
[BlackElo "2317"]
[PlyCount "68"]
[EventDate "2007.09.13"]

1. c4 e5 2. g3 f5 3. Bg2 Nc6 4. Nc3 Nf6 5. d3 Bb4 6. Bd2 O-O 7. Nf3 d6 8. O-O
Bxc3 9. Bxc3 Qe8 10. e3 Bd7 11. c5 Kh8 12. Qb3 Rb8 13. cxd6 cxd6 14. Rac1 Be6
15. Qa3 Rd8 16. b4 a6 17. Qb2 Qh5 18. b5 axb5 19. Qxb5 Bd5 20. Nd2 Bxg2 21.
Kxg2 Qf7 22. Rb1 Rd7 23. Qb3 Qg6 24. f4 Re8 25. Nf3 Ng4 26. Rfe1 Qh5 27. h3 Nf6
28. Qd1 Nd5 29. Qd2 Qg6 30. Kf2 Rde7 31. Rb5 Qf7 32. Ba1 h6 33. e4 Nf6 34. exf5
e4 0-1